000 00561nam a2200217Ia 4500
008 180523s9999 xx 000 0 und d
020 _a0-205-66627-2
050 _aMAIN QP 360
050 _b.C37 2010
100 _aCarlson, Neil R.
245 0 _aPhysiology of behavior /
245 0 _cNeil R. Carlson.
250 _a10th Edition
260 _aBoston :
260 _bAllyn & Bacon,
260 _c2010
300 _a730 pages :
300 _bcolored illustrations ;
300 _c28 cm.
500 _aIncludes bibliographical references and index.
999 _c357583
_d357583